[Event "Estonian Rapid"]
[Site "Wellington NZL"]
[Date "2023.11.25"]
[Round "4.3"]
[White "Burns, Christopher J"]
[Black "Young, Cohen"]
[Result "0-1"]
[WhiteElo "1992"]
[BlackElo "1945"]

1. e4 c5 2. Nc3 Nc6 3. Nf3 e5 4. Bc4 d6 5. d3 Be7 { [%csl Ge3][%cal Gc1e3] } 6.
Be3 a6 7. a4 Be6 8. Bxe6 fxe6 9. Qd2 Qd7 10. Qe2 { Move order wrong but this
was the position   [%csl Gd5][%cal Gd6d5] } 10... d5 11. Nb1 O-O-O 12. Bd2 {
[%csl Gc3][%cal Gd2c3] } 12... Qc7 13. O-O (13. Bc3 d4 14. Bd2 h6 15. a5) 13...
h6 14. a5 g5 15. h3 (15. Bc3 d4 16. Bd2) 15... Nf6 16. Re1 Nd7 17. Bc3 d4 18.
Bd2 Rdg8 19. Ra4 h5 20. Nh2 g4 21. hxg4 hxg4 22. Nxg4 Nf6 23. Nxf6 Bxf6 24. g3
Rh3 25. Qf3 { Something like this anyway } 25... Rg6 { [%csl Ge7,Gg7][%cal
Gf6e7,Gc7g7] } 26. Na3 Qg7 { [%csl Gh2,Ge2] } 27. Kf1 Rh2 28. Nc4 Be7 29. Nb6+
Kc7 30. Kg1 Qh8 31. Kf1 Rf6 0-1

[Event "Estonian Rapid"]
[Site "Wellington NZL"]
[Date "2023.11.25"]
[Round "4.6"]
[White "Qu, Lucas"]
[Black "Van der Hoorn, Thomas"]
[Result "0-1"]
[WhiteElo "1495"]
[BlackElo "1906"]

1. e4 c5 2. d4 cxd4 3. c3 Nf6 4. e5 Nd5 5. cxd4 d6 6. Nf3 Nc6 7. Bc4 Nb6 8. Bb5
e6 9. O-O Be7 10. Nc3 O-O 11. Bf4 a6 12. Bxc6 bxc6 13. exd6 Bxd6 14. Bxd6 Qxd6
15. Ne4 Qe7 16. Re1 Rd8 17. Qc2 Rb8 18. Ne5 Bd7 19. Rad1 Nd5 20. Nc5 Be8 21.
Qa4 Rxb2 22. Qxa6 Rdb8 23. Nxc6 Bxc6 24. Qxc6 Rxa2 25. Qxd5 Rab2 26. Qe5 R2b5
27. Qe3 Qd6 28. Ne4 Qd8 29. h3 h6 30. Nc5 Qd6 31. Qe4 Rb4 32. Qe5 Qc6 33. Re3
Rd8 34. Rg3 g6 35. Rgd3 Rd5 36. Qe3 Kg7 37. Ne4 Rf5 38. Ng3 Rd5 39. Kh2 Qd6 40.
f4 Rb2 41. Ne4 Qc6 42. Rc3 Qb7 43. Nc5 Rxc5 44. Rg1 Rxc3 45. Qxc3 Rb3 46. Qd2
Qd5 47. Rd1 h5 48. Qe2 h4 49. Qe5+ Qxe5 50. fxe5 Rb5 51. Rf1 Rd5 52. Rf4 g5 53.
Re4 Kg6 54. g3 hxg3+ 55. Kxg3 Kf5 56. Rg4 Ra5 57. Kg2 Ra3 58. Kh2 Rf3 59. Kg2
Rf4 60. Rxf4+ Kxf4 61. Kf2 Ke4 62. Kg3 Kxd4 63. Kg4 Kxe5 64. Kxg5 Kd6 65. h4
Ke7 66. h5 Kf8 67. Kf6 Kg8 68. h6 Kh7 69. Kg5 e5 70. Kf5 f6 71. Ke4 Kxh6 72.
Kf5 Kh5 73. Ke4 Kg4 0-1

[Event "Estonian Rapid"]
[Site "Wellington NZL"]
[Date "2023.11.25"]
[Round "4.13"]
[White "Mavaram, Eashan"]
[Black "Malcolm, Aidan"]
[Result "0-1"]
[WhiteElo "1358"]
[BlackElo "1739"]

1. e4 e5 2. Nf3 Nc6 3. c3 Nf6 4. d4 Nxe4 5. d5 Bc5 6. dxc6 Bxf2+ 7. Ke2 bxc6 8.
Nbd2 Ba6+ 9. c4 Nxd2 10. Bxd2 Bc5 11. Ke1 Qf6 12. b4 Be7 13. Rb1 e4 14. Ng5 Qg6
15. Nh3 O-O 16. b5 cxb5 17. cxb5 Bb7 18. Nf4 Bh4+ 19. Ke2 Qg4+ 20. Ke3 Qf5 21.
Ke2 e3 22. Bxe3 Rae8 23. Rb3 Qxf4 24. Qxd7 Qf2+ 25. Kd1 Rxe3 26. Rxe3 Qxe3 27.
Kc2 Be4+ 28. Kb2 Bf6+ 29. Qd4 Bxd4# 0-1

[Event "Estonian Rapid"]
[Site "Wellington NZL"]
[Date "2023.11.25"]
[Round "5.2"]
[White "Young, Cohen"]
[Black "Sole, Michael"]
[Result "1-0"]
[WhiteElo "1945"]
[BlackElo "2053"]

1. e4 e5 2. Nf3 Nc6 3. Bb5 Nf6 4. d3 Bc5 5. Bxc6 dxc6 6. O-O Bd6 7. Bg5 h6 8.
Bh4 g5 9. Bg3 Qe7 10. d4 Nd7 11. dxe5 Nxe5 12. Nc3 Bg4 13. Bxe5 Bxe5 14. h3 Bh5
15. g4 Bg6 16. Nxe5 Qxe5 17. Qd2 h5 18. f4 gxf4 19. Qxf4 Qxf4 20. Rxf4 hxg4 21.
hxg4 O-O-O 22. Rd1 Rdg8 23. Rd2 Rg7 24. Rh2 Rd8 { [%csl Gg2][%cal Gg1f2,Gg1g2]
} 25. Kf2 Rgg8 26. Rf6 Rd4 27. Ke3 Rd7 28. Rff2 Rgd8 29. Ne2 Re7 30. Ng3 Rde8
31. Rf4 Rh8 { This wasn't actually played I'm just getting to the position }
32. Rd2 Rh3 33. Rf3 Rh4 34. Rf4 Rh3 35. Rg2 Rd7 (35... b6) 36. Ke2 Rh8 37. Nf5
Rhd8 38. Ke3 Re8 39. Rd2 Bxf5 40. gxf5 Rde7 41. Rg4 b6 42. Re2 Re5 { [%cal
Ge3f4] } 43. Kf4 Kd7 (43... Rb5 44. b3 Rbe5 45. Re3 Kd7 46. Rg7 Ke7 47. Re2 Kf6
) 44. Rg3 (44. Rg7) 44... Ke7 45. Rg7 Kf6 { Okay I kind of forgot the previous
part of the game move for move but I think I got to this position } 46. Rgg2
Rb5 47. b3 Ra5 48. c4 b5 49. e5+ Ke7 50. Rg7 bxc4 51. e6 Rf8 52. Kg5 cxb3 53.
exf7+ Kd7 54. axb3 Rb5 55. Kf6 Rxb3 { Michael had only about 5 seconds on his
clock so he didn't have much time to consider } 56. Rd2+ Kc8 57. Rg8 1-0

[Event "Estonian Rapid"]
[Site "Wellington NZL"]
[Date "2023.11.25"]
[Round "5.5"]
[White "Van der Hoorn, Thomas"]
[Black "Burns, Christopher J"]
[Result "1-0"]
[WhiteElo "1906"]
[BlackElo "1992"]

1. e4 e5 2. Nf3 Nc6 3. Bc4 Nf6 4. d3 Be7 5. c3 d6 6. Nbd2 a6 7. a4 O-O 8. O-O
Rb8 9. b4 d5 10. Bb3 dxe4 11. dxe4 b5 12. axb5 axb5 13. Re1 Qd6 14. Qe2 h6 15.
Nf1 Nh5 16. Ng3 Nxg3 17. hxg3 Bg4 18. Be3 Kh7 19. Ng5+ Bxg5 20. Qxg4 Bxe3 21.
Rxe3 Ne7 22. Rd1 Qc6 23. Qd7 Rbe8 24. Qxc6 Nxc6 25. Rd7 Rc8 26. Rxf7 Rxf7 27.
Bxf7 Rd8 28. g4 Rd2 29. g3 g6 30. Kg2 Kg7 31. Bd5 Ne7 32. Bb3 Rb2 33. Bd1 Nc8
34. Rd3 Nd6 35. Kf3 g5 36. Be2 Kf6 37. Rd5 Nxe4 38. Kxe4 Rxe2+ 39. Kf3 Rc2 40.
Rc5 e4+ 41. Ke3 Rb2 42. Rxc7 Kg6 43. Rc5 Rc2 44. Rxb5 Rxc3+ 45. Kxe4 Rc4+ 46.
Kf3 Rc3+ 47. Kg2 Rc4 48. Rb6+ Kg7 49. Kh3 Rc2 50. f4 Kh7 51. b5 Rb2 52. f5 Kg7
53. Rb7+ Kg8 54. b6 Kh8 55. Rb8+ Kg7 56. b7 Kh7 57. f6 1-0

[Event "Estonian Rapid"]
[Site "Wellington NZL"]
[Date "2023.11.25"]
[Round "5.10"]
[White "Moses, Christopher"]
[Black "Tanoi, Edward"]
[Result "0-1"]
[WhiteElo "1485"]
[BlackElo "1851"]

1. e4 c5 2. c3 d5 3. exd5 Qxd5 4. d4 Nf6 5. Nf3 Bg4 6. Nbd2 cxd4 7. Bc4 Qh5 8.
cxd4 Nc6 9. Qa4 Bd7 10. Qc2 e6 11. O-O Be7 12. Re1 O-O 13. Nf1 Nb4 14. Qe2 Bd6
15. Bg5 Nbd5 16. Rac1 Bc6 17. Ng3 Bxg3 18. hxg3 h6 19. Bxf6 Nxf6 20. Ne5 Qxe2
21. Rxe2 a6 22. f3 Rac8 23. Nxf7 Bd5 24. Nd6 Rc6 25. Rec2 Rxd6 26. Bxd5 Nxd5
27. Rc4 Kh7 28. Kf2 Kg6 29. a4 Rb6 30. Rb1 Rb3 {White lost on time} 0-1

[Event "Estonian Rapid"]
[Site "Wellington NZL"]
[Date "2023.11.25"]
[Round "6.1"]
[White "Ker, Anthony"]
[Black "Young, Cohen"]
[Result "0-1"]
[WhiteElo "2376"]
[BlackElo "1945"]

1. e4 c5 2. Nc3 Nc6 3. Bb5 Nd4 4. Nf3 e6 5. O-O a6 6. Bd3 Nc6 7. Nd5 g5 8. Ne3
h5 9. c3 g4 10. Ne1 d5 11. exd5 { [%csl Gd5] } 11... exd5 { [%csl Gd5] } 12.
Bc2 Be6 13. f4 gxf3 14. Nxf3 { [%csl Gd4] } 14... d4 { [%csl Gd4] } 15. cxd4
cxd4 16. Bb3 dxe3 17. Bxe6 fxe6 18. Qc2 Nge7 19. dxe3 Nf5 20. e4 Nfd4 21. Qf2 {
[%csl Gf3,Gc5,Gb4] } 21... Nxf3+ 22. Qxf3 Bc5+ 23. Kh1 Ne5 24. Qb3 Qb6 25. Qg3
Bd4 26. Be3 Bxe3 27. Qxe5 Bd4 28. Qg5 Qd8 29. Qg6+ Kd7 30. Rf7+ Kc8 31. Qxe6+
Kb8 32. Rd7 Qb6 33. Rd6 Qxb2 34. Rd1 Bc5 35. R6d5 Bb6 36. a4 Ka7 37. a5 Be3 38.
R5d3 Rhg8 39. Qh3 Bc5 40. Rb3 Qc2 { [%csl Gb1] } 41. Rdb1 Rab8 { [%csl Gb2] }
42. R3b2 { [%csl Gb2] } 42... Qxe4 43. Qxh5 Bd4 44. Rb4 Qxg2# 0-1

[Event "Estonian Rapid"]
[Site "Wellington NZL"]
[Date "2023.11.25"]
[Round "6.4"]
[White "Farrington, Lawrence"]
[Black "Van der Hoorn, Thomas"]
[Result "0-1"]
[WhiteElo "1477"]
[BlackElo "1906"]

1. d4 Nf6 2. c4 e6 3. Nc3 Bb4 4. e3 b6 5. Bd3 Bb7 6. Nf3 Ne4 7. Bd2 Bxc3 8.
bxc3 f5 9. Qc2 d6 10. O-O Nd7 11. Bc1 O-O 12. Ba3 Qf6 13. Rad1 Rae8 14. Be2 g5
15. h3 h5 16. Nh2 Qg6 17. Bf3 g4 18. hxg4 hxg4 19. Bxe4 Bxe4 20. Qd2 Kg7 21.
Rfe1 Rh8 22. Nf1 Qh5 23. f3 Qh1+ 24. Kf2 gxf3 25. gxf3 Qxf3+ 0-1

[Event "Estonian Rapid"]
[Site "Wellington NZL"]
[Date "2023.11.25"]
[Round "6.6"]
[White "Sole, Michael"]
[Black "Malcolm, Aidan"]
[Result "1-0"]
[WhiteElo "2053"]
[BlackElo "1739"]

1. d4 d5 2. c4 c6 3. Nf3 e6 4. Nbd2 Nf6 5. g3 Nbd7 6. Bg2 Bd6 7. O-O e5 8. dxe5
Nxe5 9. Nxe5 Bxe5 10. Nf3 Bc7 11. Qc2 O-O 12. Rd1 Qe7 13. Bg5 dxc4 14. Qxc4 Be6
15. Qc3 Bd8 16. a4 Qc7 17. Bf4 Qe7 18. Bd6 Nd5 19. Rxd5 Qd7 20. Bxf8 {Black
resigned} 1-0